[Event "ROM-ch U12 Boys"]
[Site "Voineasa"]
[Date "2008.04.12"]
[Round "2"]
[White "Sabau, Horea"]
[Black "Heutschi, Vlad"]
[Result "0-1"]
[WhiteElo "401"]
[BlackElo "404"]
[PlyCount "114"]
[EventDate "2008.04.08"]
[EventType "swiss"]
[EventRounds "9"]
[EventCountry "ROU"]
[SourceTitle "EXT 2013"]
[Source "ChessBase"]
[SourceDate "2012.11.22"]
[SourceVersion "1"]
[SourceVersionDate "2012.11.22"]
[SourceQuality "1"]

1. e4 e5 2. Nf3 Nc6 3. Nc3 Bc5 4. Bc4 Nf6 5. Ng5 0-0 6. Qf3 h6 7. Bxf7+ Rxf7 8. Nxf7 Kxf7 9. Nd5 Be7 10. Nxf6 Bxf6 11. 0-0 Nd4 12. Qd3 d6 13. c3 Nc6 14. Qd5+ Be6 15. Qb5 Qc8 16. f4 a6 17. Qe2 Bg4 18. Qe3 exf4 19. Rxf4 Kg8 20. Qg3 Ne5 21. d4 Nd3 22. Rxg4 Nxc1 23. Rxc1 Qe6 24. Qf4 Bg5 25. Qf5 Qxf5 26. exf5 Bxc1 27. f6 Bg5 28. fxg7 Kxg7 29. h4 Kg6 30. hxg5 hxg5 31. Re4 Kf6 32. g4 Rh8 33. Kg2 d5 34. Re3 c6 35. Rf3+ Kg6 36. b3 Re8 37. Rf5 Re7 38. Re5 Rxe5 39. dxe5 Kf7 40. Kf3 Ke6 41. c4 Kxe5 42. cxd5 Kxd5 43. b4 b6 44. a3 Kd4 45. a4 c5 46. bxc5 bxc5 47. Ke2 Kc4 48. Ke3 Kb4 49. a5 Kxa5 50. Kd3 Kb4 51. Ke4 c4 52. Ke3 c3 53. Ke2 c2 54. Kd2 Kb3 55. Kc1 a5 56. Kd2 Kb2 57. Ke3 c1Q+ 0-1